| 000 | 00646nam a22002057a 4500 | ||
|---|---|---|---|
| 999 |
_c16056 _d16056 |
||
| 003 | AR-CdUCM | ||
| 008 | 190430b ||||| |||| 00| 0 spa d | ||
| 040 |
_aMUNICIPALIDAD PROVINCIAL DEL CUSCO _cBIBLIOTECA MUNICIPAL DEL CUSCO |
||
| 082 |
_a869.56 / _bA24 |
||
| 100 |
_aAdolph, José B. _917611 |
||
| 245 | _aLa ronda de los generales / | ||
| 260 |
_aLima : _bMosca Azul Editores, _c1973. |
||
| 300 |
_a159 páginas ; _c20 cm. |
||
| 505 | _aContenido: Novelas históricas peruanas. | ||
| 650 |
_aNovelas históricas peruanas _911377 |
||
| 650 |
_aHistoria _9136 |
||
| 650 |
_aNovelas _9218 |
||
| 942 |
_2ddc _cLIBROS |
||
| 945 |
_adavv _d30/04/2019 |
||